Countries with Google Street View - Sudden Death - Statistics

General Stats
  • This quiz has been taken 56 times
    52 since last reset
  • The average score is 63 of 109
Answers on the Grid
Answers color-coded by a green-red scale on the quiz's grid according to % correct below.
Afghanistan
Albania
Algeria
Andorra
Angola
Antigua and Barbuda
Argentina
Armenia
Australia
Austria
Azerbaijan
Bahamas
Bahrain
Bangladesh
Barbados
Belarus
Belgium
Belize
Benin
Bhutan
Bolivia
Bosnia and Herzegovina
Botswana
Brazil
Brunei
Bulgaria
Burkina Faso
Burundi
Cambodia
Cameroon
Canada
Cape Verde
Central African Republic
Chad
Chile
China
Colombia
Comoros
D. R. Congo
Rep. Congo
Costa Rica
Croatia
Cuba
Cyprus
Czech Republic
Denmark
Djibouti
Dominica
Dominican Republic
East Timor
Ecuador
Egypt
El Salvador
Equatorial Guinea
Eritrea
Estonia
Eswatini
Ethiopia
Fiji
Finland
France
Gabon
Gambia
Georgia
Germany
Ghana
Greece
Grenada
Guatemala
Guinea
Guinea-Bissau
Guyana
Haiti
Honduras
Hungary
Iceland
India
Indonesia
Iran
Iraq
Ireland
Israel
Italy
Ivory Coast
Jamaica
Japan
Jordan
Kazakhstan
Kenya
Kiribati
Kosovo
Kuwait
Kyrgyzstan
Laos
Latvia
Lebanon
Lesotho
Liberia
Libya
Liechtenstein
Lithuania
Luxembourg
Madagascar
Malawi
Malaysia
Maldives
Mali
Malta
Marshall Islands
Mauritania
Mauritius
Mexico
F. S. Micronesia
Moldova
Monaco
Mongolia
Montenegro
Morocco
Mozambique
Myanmar
Namibia
Nauru
Nepal
Netherlands
New Zealand
Nicaragua
Niger
Nigeria
North Korea
North Macedonia
Norway
Oman
Pakistan
Palau
Palestine
Panama
Papua New Guinea
Paraguay
Peru
Philippines
Poland
Portugal
Qatar
Romania
Russia
Rwanda
Saint Kitts and Nevis
Saint Lucia
Saint Vincent and the Grenadines
Samoa
San Marino
São Tomé and Príncipe
Saudi Arabia
Senegal
Serbia
Seychelles
Sierra Leone
Singapore
Slovakia
Slovenia
Solomon Islands
Somalia
South Africa
South Korea
South Sudan
Spain
Sri Lanka
Sudan
Suriname
Sweden
Switzerland
Syria
Taiwan
Tajikistan
Tanzania
Thailand
Togo
Tonga
Trinidad and Tobago
Tunisia
Turkey
Turkmenistan
Tuvalu
Uganda
Ukraine
United Arab Emirates
United Kingdom
United States
Uruguay
Uzbekistan
Vanuatu
Vatican City
Venezuela
Vietnam
Yemen
Zambia
Zimbabwe
 
Answer Stats
Answer % Correct
Austria
93%
Albania
86%
Argentina
86%
Australia
86%
Bulgaria
86%
Croatia
86%
Czech Republic
86%
Denmark
86%
Andorra
79%
Belgium
79%
Bosnia and Herzegovina
79%
Brazil
79%
Canada
79%
Chile
79%
Cyprus
79%
Estonia
79%
Finland
79%
France
79%
Bolivia
71%
Colombia
71%
Ecuador
71%
Germany
71%
Greece
71%
Hungary
71%
Iceland
71%
Ireland
71%
Italy
71%
Japan
71%
Latvia
71%
Liechtenstein
71%
Malta
71%
Cambodia
64%
Costa Rica
64%
Dominican Republic
64%
Mexico
64%
Monaco
64%
Bangladesh
57%
Bhutan
57%
Botswana
57%
Egypt
57%
Eswatini
57%
India
57%
Indonesia
57%
Israel
57%
Kazakhstan
57%
Lithuania
57%
Luxembourg
57%
Malaysia
57%
Montenegro
57%
Netherlands
57%
New Zealand
57%
North Macedonia
57%
Norway
57%
Panama
57%
Poland
57%
Portugal
57%
Qatar
57%
Romania
57%
San Marino
57%
Serbia
57%
Slovakia
57%
Slovenia
57%
South Africa
57%
South Korea
57%
Spain
57%
Sweden
57%
Switzerland
57%
Thailand
57%
Tunisia
57%
Turkey
57%
Ukraine
57%
United Arab Emirates
57%
United Kingdom
57%
United States
57%
China
50%
Ghana
50%
Jordan
50%
Kenya
50%
Kyrgyzstan
50%
Lesotho
50%
Mongolia
50%
Nigeria
50%
Peru
50%
Philippines
50%
Russia
50%
Singapore
50%
Sri Lanka
50%
Taiwan
50%
Uruguay
50%
Vietnam
50%
Belarus
43%
Guatemala
43%
Laos
43%
Namibia
43%
Oman
43%
Pakistan
43%
Paraguay
43%
Lebanon
36%
Madagascar
36%
Nepal
36%
Senegal
36%
Uganda
36%
Palestine
29%
Rwanda
29%
Iraq
21%
São Tomé and Príncipe
21%
Mali
14%
Tanzania
14%
Vanuatu
14%
No matching quizzes found
Score Distribution
Percent of People with Each Score
Percentile by Number Answered
Your Score History
You have not taken this quiz since the last reset